000
00354nam a2200145Ia 4500
008
151213s9999 xx 000 0 und d
100
_a
D.H.Lawrence
245
_a
Sons and Lovers
_c
D.H.Lawrence
260
_a
London
_c
1960
300
_a
8390 p.
650
_a
English Literature
650
_a
English Literature
700
_a
D.H.Lawrence
999
_c
4228
_d
4228